| 000 | 00498nam a2200181Ia 4500 | ||
|---|---|---|---|
| 001 | 4395 | ||
| 005 | 20260306145753.0 | ||
| 008 | 260306t1996||||xx |||||||||||||| ||spa|| | ||
| 041 | _aESP | ||
| 082 |
_a321 _bL562 |
||
| 100 |
_aLocke, John _eAUT |
||
| 245 | 0 |
_aSegundo tratado sobre el gobierno civil: _bun ensayo acerca del verdadero origen, alcance y fin del Gobierno Civil |
|
| 260 | _c1996 | ||
| 300 |
_a238 páginas : _c18 cm. |
||
| 650 | _aGEN | ||
| 654 | _aCDE | ||
| 942 |
_cLIB _dJUS _fJUS _2ddc _n |
||
| 999 |
_c4395 _d4395 |
||